MARC details
| 000 -CABECERA |
| campo de control de longitud fija |
00964nam a2200241 a 4500 |
| 001 - NÚMERO DE CONTROL |
| campo de control |
000016634 |
| 005 - FECHA Y HORA DE LA ÚLTIMA TRANSACCIÓN |
| campo de control |
20260115123654.0 |
| 008 - DATOS DE LONGITUD FIJA--INFORMACIÓN GENERAL |
| campo de control de longitud fija |
100308s2002 dr r 000 0 spa d |
| 040 ## - FUENTE DE LA CATALOGACIÓN |
| Centro catalogador/agencia de origen |
DO-SdBNP |
| Lengua de catalogación |
spa |
| Centro/agencia transcriptor |
BNPHU |
| 082 ## - NÚMERO DE LA CLASIFICACIÓN DECIMAL DEWEY |
| Número de clasificación |
370.114 |
| Número de documento/Ítem |
A958p |
| 100 1# - ENTRADA PRINCIPAL--NOMBRE DE PERSONA |
| Nombre de persona |
Ávila Mejía, Casilda Ma |
| 9 (RLIN) |
36942 |
| 245 10 - MENCIÓN DE TÍTULO |
| Título |
Promoción y desarrollo de valores en el nivel básico / |
| Mención de responsabilidad, etc. |
Ávila Mejía Ma., Ana Antonia García Alejo ; prólogo Josefina Zaiter. |
| 260 ## - PUBLICACIÓN, DISTRIBUCIÓN, ETC. |
| Lugar de publicación, distribución, etc. |
Santo Domingo : |
| Nombre del editor, distribuidor, etc. |
Búho, |
| Fecha de publicación, distribución, etc. |
2002. |
| 300 ## - DESCRIPCIÓN FÍSICA |
| Extensión |
124 p. ; |
| Dimensiones |
23 cm. |
| 504 ## - NOTA DE BIBLIOGRAFÍA, ETC. |
| Nota de bibliografía, etc. |
Bibliografía : p. 121-124 |
| 650 #4 - PUNTO DE ACCESO ADICIONAL DE MATERIA--TÉRMINO DE MATERIA |
| Término de materia o nombre geográfico como elemento de entrada |
Educación primaria |
| Subdivisión general |
Aspectos morales y etícos |
| Subdivisión geográfica |
República Dominicana |
| 9 (RLIN) |
36943 |
| 650 #0 - PUNTO DE ACCESO ADICIONAL DE MATERIA--TÉRMINO DE MATERIA |
| Término de materia o nombre geográfico como elemento de entrada |
Valores sociales |
| 9 (RLIN) |
1087 |
| 650 #4 - PUNTO DE ACCESO ADICIONAL DE MATERIA--TÉRMINO DE MATERIA |
| Término de materia o nombre geográfico como elemento de entrada |
Educación para la vida familiar |
| Subdivisión general |
Enseñanza |
| 9 (RLIN) |
36944 |
| 650 #0 - PUNTO DE ACCESO ADICIONAL DE MATERIA--TÉRMINO DE MATERIA |
| Término de materia o nombre geográfico como elemento de entrada |
Educación moral |
| 9 (RLIN) |
1607 |
| 650 #4 - PUNTO DE ACCESO ADICIONAL DE MATERIA--TÉRMINO DE MATERIA |
| Término de materia o nombre geográfico como elemento de entrada |
Manejo del niño |
| Subdivisión general |
Aspectos morales y eticos |
| 9 (RLIN) |
36945 |
| 700 1# - PUNTO DE ACCESO ADICIONAL--NOMBRE DE PERSONA |
| Nombre de persona |
García Alejo, Ana Antonia |
| 9 (RLIN) |
36946 |
| 700 1# - PUNTO DE ACCESO ADICIONAL--NOMBRE DE PERSONA |
| Nombre de persona |
Záiter Mejía, Alba Josefina |
| Término indicativo de función/relación |
pról. |
| 9 (RLIN) |
2002 |